Classifica Marcatori Europei di Calcio 2008 - Statistics

Statistiche generali
  • Questo quiz è stato fatto 28 volte
  • Il punteggio medio è 7 su 18
Statistiche sulle risposte
Gol Nazione Calciatore % Corretto
4 Spagna David Villa
96%
2 Germania Miroslav Klose
86%
2 Spagna Fernando Torres
71%
2 Svezia Zlatan Ibrahimović
68%
2 Paesi Bassi Robin van Persie
64%
3 Germania Lukas Podolski
46%
2 Germania Michael Ballack
39%
2 Paesi Bassi Wesley Sneijder
39%
2 Paesi Bassi Ruud van Nistelrooy
36%
2 Germania Bastian Schweinsteiger
25%
2 Turchia Arda Turan
21%
3 Svizzera Hakan Yakın
14%
2 Russia Andrej Aršavin
11%
2 Spagna Daniel Güiza
11%
2 Croazia Ivan Klasnić
7%
3 Turchia Semih Şentürk
7%
2 Turchia Nihat Kahveci
4%
3 Russia Roman Pavljučenko
4%
Nessun quiz corrispondente trovato
Distribuzione punteggi
Percentuale di utenti per punteggio
Percentile per numero di risposta
I tuoi punteggi nel tempo
Non hai fatto questo quiz